Gaming Quiz

Random Gaming or Pokémon Quiz

Progressive Pokemon Test (you will lose) Quiz Stats

Quiz not verified by Sporcle

Also try: Video Game Haiku
Challenge
Share
Tweet
Embed
Score 0/15 Timer 10:00
0 Plays Today
Question Answer Wrong Answers
Which of these Pokemon are weak to Water? Arcanine
90.4%
Serperior
0%
Poliwhirl
0%
Abra
1.9%
Fire type starter in Unova Tepig
90.4%
Chimchar
1.9%
Cyndaquil
0%
Torchic
1.9%
What Pokemon hatches from the Egg received in Gold and Silver? Togepi
88.5%
Phanpy
1.9%
Scraggy
1.9%
MEWTWO
0%
Which of these Pokemon DO NOT have a mega? Meganium
86.5%
Medicham
1.9%
Aerodactyl
1.9%
Salamence
0%
What was Ash's 1st Pokemon? Pikachu
84.6%
Charmander
1.9%
Bulbasaur
1.9%
Eevee
0%
What is the type combo of Ludicolo? Grass/Water
84.6%
Grass/Psychic
1.9%
Water/Psychic
1.9%
Psychic
0%
Which of these Pokemon were introduced in Gen II? Sudowoodo
84.6%
Piplup
3.8%
Growlithe
1.9%
Zapdos
0%
Who is the best Pokemon EVER? Piplup
82.7%
no
1.9%
no
3.8%
no
1.9%
Which of these ledgendaries were NOT introduced in Gen IV(Sinnoh)? Victini
80.8%
Arceus
1.9%
Shaymin
1.9%
Giratina
3.8%
Which ability, mainly used by Mega Scizor, boosts the attack power of moves with a base attack lower than 60? Technician
67.3%
Swarm
17.3%
Prankster
0%
Regenerator
5.8%
Squirtle has what job? Fireman
63.5%
Policeman
19.2%
Spy
7.7%
Undertaker
0%
Mega Lopunny's Ability, Scrappy, allows it to do which of these? Attack ghost-types
61.5%
Raise attack with any fighting type move
11.5%
Fighting type moves do double damage
5.8%
Status moves do double damage
9.6%
How much health does a Sitrus Berry heal? 25%
59.6%
10%
11.5%
50%
19.2%
75%
0%
Which of these Pokemon evolve? Hitmontop
53.8%
Farfetch'd
3.8%
Pinsir
32.7%
Lapras
1.9%
What Pokemon has the highest base speed? Shedinja
30.8%
Greninja
40.4%
Pidgeot
11.5%
Garchomp
7.7%

You're not logged in!

Compare scores with friends on all Sporcle quizzes.
Sign Up with Email
OR
Log In

You Might Also Like...

Show Comments

Extras

Top Quizzes Today


Score Distribution

Your Account Isn't Verified!

In order to create a playlist on Sporcle, you need to verify the email address you used during registration. Go to your Sporcle Settings to finish the process.